000 00464nam a2200193Ia 4500
008 210210b2006 xxu||||| |||| 00| 0 eng d
020 _a8183241484
041 _aeng
082 _a350 SINM
100 _aSINGH (Naunihal)
245 _aMaking government work
260 _aNew Delhi
_bMittal Publications
_c2006
300 _axxiv,312
650 _awork
650 _aMaking
650 _agovernment
690 _aPublic Administration
906 _aSG04970
999 _c117830
_d117830